000 00320nam a22001337a 4500
003 SGT
020 _a9788179104347
082 _a371.9,GOE
100 _aGOEL,SUSHIL KUMAR
245 _aEMPOWERMENT OF SPECIAL CHILDREN
260 _aJAIPUR
_bAavishkar Publishers & Distributors
_c2013
300 _a226
942 _2ddc
_cBK
999 _c33508
_d33508